000 01246cam a2200289 a 4500
003 EG-GiCUC
005 20250223032128.0
008 181204s1996 ua f m 000 0 eng d
040 _aEG-GiCUC
_beng
_cEG-GiCUC
041 0 _aeng
049 _aDeposite
097 _aPh.D
099 _aCai01.12.21.Ph.D.1996.Sa.S
100 0 _aSaida Aly Hammad
245 1 0 _aSister chromatid exchange (SCE) frequency and chromosomal anomalies in couples with habitual abortion /
_cSaida Aly Hammad ; Supervised Akmal Elghor , Moushira Erffan , Amany Abdelmoneim Tohamy
246 1 5 _aمعدل حدوث تبادل الكروماتيدات الأخوات و التغييرات فى التركيب الكروموسومى فى الأزواج المصابين بحدوث إجهاض تلقائى متكرر
260 _aCairo :
_bSaida Aly Hammad ,
_c1996
300 _a149 Leaves ;
_c30cm
502 _aThesis (Ph.D.) - Cairo University - Faculty of Science - Department of Zoology
700 0 _aAkmal Elghor ,
_eSupervisor
700 0 _aAmany Abdelmoneim Tohamy ,
_eSupervisor
700 0 _aMoushira Erffan ,
_eSupervisor
856 _uhttp://172.23.153.220/th.pdf
905 _aNazla
_eRevisor
905 _aSamia
_eCataloger
942 _2ddc
_cTH
999 _c68910
_d68910